00760 2200169 4500245004400000020002200044250001100066100001400077650001700091005001900108260004200127041001400169084000800183300002300191500036700214336000900581 aNegeri di Ujung TandukcTere LiyehText a978-979-22-9429-3 aCet. 1 aTere Liye aNovel Remaja a20240110150643 aJakartabGramedia Pustaka Utamac2013 aIndonesia a813 a360 hlm. :c20 cm. aDi Negeri di Ujung Tanduk kehidupan semakin rusak. Bukan karena orang jatah semakin banyak, tapi semakin banyak orang yang memilih tidak peduli lagi. Di Negeri di Ujung Tanduk para penipu menjadi pemimpin, para pengkhianat menjadi pujaan. Bukan karena tidak ada lagi yang memiliki teladan, tapi mereka memutuskan menutup mata dan memilih hidup bahagia sendirian. atext